| 000 | 00885cam a22002891 4500 | ||
|---|---|---|---|
| 001 | 1070 | ||
| 003 | BD-RjUL | ||
| 005 | 20211208233254.0 | ||
| 008 | 760320s19691965nyua b 000 0 eng | ||
| 035 | _a(BD-RjUL)1092 | ||
| 040 |
_aDLC _cWa _dBD-RjUL _beng |
||
| 041 | _aeng | ||
| 082 | 0 | 0 |
_a192 _216 _bBEB |
| 100 | 1 |
_aBerkeley, George _d1685-1753. _93159 |
|
| 245 | 0 | 0 |
_aBerkeley's Philosophical writings / _cEdited with an introd. by David M. Armstrong. |
| 250 | _a | ||
| 260 |
_aNew York: _bCollier Books, _cc1965 [Printing1969] |
||
| 300 |
_a384 p. : _billus. ; _c18 cm. |
||
| 490 | 0 | _aCollier classics in the history of thought | |
| 500 | _aA Collier books original. | ||
| 504 | _aBibliography: p. 37-38. | ||
| 650 | 0 |
_aPhilosophy. _93160 |
|
| 700 | 1 |
_aArmstrong, D. M. _q(David Malet), _d1926- _eed. _93161 |
|
| 942 |
_2ddc _cBK |
||
| 999 |
_c1070 _d1070 |
||